| 000 | 00657nam a2200169 4500 | ||
|---|---|---|---|
| 999 |
_c17041 _d17041 |
||
| 008 | 220601b ||||| |||| 00| 0 eng d | ||
| 022 | _a0091-4169 | ||
| 082 | _aDPer 364.05 J82 2011 Vol. 101, No. 1 | ||
| 100 |
_aBurgess, William H. _945314 |
||
| 245 |
_aThe proper remedy for a lack of Batson findings: _bthe fall-out from Snyder v. Louisiana/ _cWilliam H. Burgess and Douglas G. Smith. |
||
| 260 |
_aEvanston: _bNorthwestern University Press, _cc2011. |
||
| 300 |
_av101 n1, pages 1-30; _b25 cm. |
||
| 500 | _aThe Journal of Criminal Law and Criminology. | ||
| 650 |
_aCriminal law. _945315 |
||
| 700 |
_aSmith, D. G. _eAuthor. _945316 |
||
| 942 |
_2ddc _cPER |
||